Online katalóg knižníc regiónu Turca

Bláznivé sny (Record no. 21989)

MARC details
000 -LEADER
fixed length control field 01428cam a2200397 a 4500
001 - CONTROL NUMBER
control field 21989
003 - CONTROL NUMBER IDENTIFIER
control field VRT
005 - DATE AND TIME OF LATEST TRANSACTION
control field 20260317093625.0
008 - FIXED-LENGTH DATA ELEMENTS--GENERAL INFORMATION
fixed length control field 240322s1996 xo gr 000 f slo
015 ## - NATIONAL BIBLIOGRAPHY NUMBER
National bibliography number SNBA1996/1102968
020 ## - INTERNATIONAL STANDARD BOOK NUMBER
International Standard Book Number 8071182273
Qualifying information (viazané)
035 ## - SYSTEM CONTROL NUMBER
System control number SNK000162772
039 #9 - LEVEL OF BIBLIOGRAPHIC CONTROL AND CODING DETAIL [OBSOLETE]
Level of rules in bibliographic description 202409090622
Level of effort used to assign nonsubject heading access points AUTHORITY
Level of effort used to assign subject headings 202407290830
Level of effort used to assign classification AUTHORITY
Level of effort used to assign subject headings 202407290817
Level of effort used to assign classification AUTHORITY
Level of effort used to assign subject headings 202403221341
Level of effort used to assign classification VLOAD
040 ## - CATALOGING SOURCE
Original cataloging agency SNK
Language of cataloging slo
Transcribing agency SNK
Description conventions AACR2
041 1# - LANGUAGE CODE
Language code of text/sound track or separate title slo
Language code of original eng
044 ## - COUNTRY OF PUBLISHING/PRODUCING ENTITY CODE
MARC country code xo
ISO country code SK
072 #7 - SUBJECT CATEGORY CODE
Subject category code 821.111(73)-3
Subject category code subdivision Americká próza
Source konspekt
080 ## - UNIVERSAL DECIMAL CLASSIFICATION NUMBER
Universal Decimal Classification number 820 (73)-3
Edition identifier 1981
080 ## - UNIVERSAL DECIMAL CLASSIFICATION NUMBER
Universal Decimal Classification number 821.111(73)-31
Edition identifier 2011
080 ## - UNIVERSAL DECIMAL CLASSIFICATION NUMBER
Universal Decimal Classification number (0:82-312.5)
Edition identifier 2011
100 1# - MAIN ENTRY--PERSONAL NAME
Personal name Krentz, Jayne Ann,
Dates associated with a name 1948-
Relationship aut
240 10 - UNIFORM TITLE
Uniform title Wildest hearts
Language of a work Slovensky
245 10 - TITLE STATEMENT
Title Bláznivé sny
Statement of responsibility, etc. Jayne Ann Krentzová ; [z anglického originálu Wildest hearts ... preložila Katarína Steskálová]
260 ## - PUBLICATION, DISTRIBUTION, ETC.
Place of publication, distribution, etc. Bratislava
Name of publisher, distributor, etc. Ikar
Date of publication, distribution, etc. 1996
300 ## - PHYSICAL DESCRIPTION
Extent 231 strán
Dimensions 21 cm
655 #7 - INDEX TERM--GENRE/FORM
Genre/form data or focus term americké romány
Source of term SNKPH
655 #7 - INDEX TERM--GENRE/FORM
Genre/form data or focus term ľúbostné romány
Source of term SNKPH
700 1# - ADDED ENTRY--PERSONAL NAME
Personal name Steskálová, Katarína
Titles and other words associated with a name (prekladateľka)
Relationship trl
910 ## - USER-OPTION DATA (OCLC)
User-option data snk
942 ## - ADDED ENTRY ELEMENTS (KOHA)
Source of classification or shelving scheme Dewey Decimal Classification
Koha item type Krásna literatúra pre dospelých
Suppress in OPAC No
949 ## - LOCAL PROCESSING INFORMATION (OCLC)
6 273K0493937
a svkpoA 168074
b svkpo417565
949 ## - LOCAL PROCESSING INFORMATION (OCLC)
6 270001000046419
a svkbbA 91337
b svkbbm 602768
949 ## - LOCAL PROCESSING INFORMATION (OCLC)
a snkC 1266
b snk2386/960724
949 ## - LOCAL PROCESSING INFORMATION (OCLC)
6 17A0007091
a snkSC 90892
b snkKSP 5816/96
s 6100:20230221
-- 6101:20151012
949 ## - LOCAL PROCESSING INFORMATION (OCLC)
6 17A0007090
a snkSC 90892 D1
b snkKSP 5817/96
Holdings
Stav vyradenia Strata Poškodenie Spôsob nadobudnutia Domovská knižnica Aktuálna knižnica Dátum nadobudnutia Total checkouts Čiarový kód exemplára Date last seen Typ exemplára
      Dar Obecná knižnica Turčianska Štiavnička Obecná knižnica Turčianska Štiavnička 17.03.2026   4738000468 17.03.2026 Krásna literatúra pre dospelých
Projekt je podporený Slovenskou asociáciou knižníc
Prevádzkuje Turčianska knižnica Martin 2026